Caza de alimañas : (Record no. 2196)
[ view plain ]
| 000 -CABECERA | |
|---|---|
| campo de control de longitud fija | 00704cam a2200193 a 4500 |
| 001 - NÚMERO DE CONTROL | |
| campo de control | 000002354 |
| 005 - FECHA Y HORA DE LA ÚLTIMA TRANSACCIÓN | |
| campo de control | 20200929150204.0 |
| 008 - DATOS DE LONGITUD FIJA--INFORMACIÓN GENERAL | |
| campo de control de longitud fija | 801014s1965 sp af 001 0 spa |
| 040 ## - FUENTE DE LA CATALOGACIÓN | |
| Centro catalogador/agencia de origen | DO-SdBNP |
| Lengua de catalogación | spa |
| Centro/agencia transcriptor | BNPHU |
| 082 ## - NÚMERO DE LA CLASIFICACIÓN DECIMAL DEWEY | |
| Número de clasificación | 639.1 |
| Número de documento/Ítem | E771c, 1965 |
| 100 1# - ENTRADA PRINCIPAL--NOMBRE DE PERSONA | |
| Nombre de persona | España Paya, J. |
| 9 (RLIN) | 7483 |
| 245 10 - MENCIÓN DE TÍTULO | |
| Título | Caza de alimañas : |
| Resto del título | las costumbres, reconocimiento y caza con armas de fuego y cepos de los llamados mamíferos dañinos / |
| Mención de responsabilidad, etc. | J. España Paya; prólogo, Jaime de Foxá Torroba. |
| 250 ## - MENCIÓN DE EDICIÓN | |
| Mención de edición | 2a ed. |
| 260 ## - PUBLICACIÓN, DISTRIBUCIÓN, ETC. | |
| Lugar de publicación, distribución, etc. | Madrid : |
| Nombre del editor, distribuidor, etc. | Paraninfo, |
| Fecha de publicación, distribución, etc. | 1965. |
| 300 ## - DESCRIPCIÓN FÍSICA | |
| Extensión | 281 p., : |
| Otras características físicas | il., retrs. ; |
| Dimensiones | 21 cm. |
| 650 #4 - PUNTO DE ACCESO ADICIONAL DE MATERIA--TÉRMINO DE MATERIA | |
| Término de materia o nombre geográfico como elemento de entrada | Caza |
| Subdivisión geográfica | España |
| 9 (RLIN) | 7484 |
| 650 #4 - PUNTO DE ACCESO ADICIONAL DE MATERIA--TÉRMINO DE MATERIA | |
| Término de materia o nombre geográfico como elemento de entrada | Predadores |
| Subdivisión general | Caza |
| 9 (RLIN) | 7485 |
| 700 1# - PUNTO DE ACCESO ADICIONAL--NOMBRE DE PERSONA | |
| Nombre de persona | Foxá Torroba, Jaime de |
| Término indicativo de función/relación | prol. |
| 9 (RLIN) | 7486 |
| Estado de retiro | Estado de pérdida | Restricciones de uso | No para préstamo | Código de colección | Localización permanente | Ubicación/localización actual | Ubicación en estantería | Fecha de adquisición | Número de inventario | Total de préstamos | Signatura topográfica completa | Código de barras | Fecha visto por última vez | Precio válido a partir de | Tipo de ítem Koha |
|---|---|---|---|---|---|---|---|---|---|---|---|---|---|---|---|
| Préstamo interno | Monografías: Libros y Folletos | General | General | En catalogación | 10.07.2009 | LF1 | 639.1 E771c, 1965 | 2354-10 | 25.06.2020 | 25.06.2020 | Préstamo interno |
